000 00522nmm a2200193Ia 4500
008 251105s9999||||xx |||||||||||||||||und||
020 _a9788475226392
041 _aspa
100 _aMargarit, Joan
245 0 _aCasa de misericordia
264 _a[Madrid, España] :
_bVisor Libros,
_c2015
300 _a149 páginas
490 _aVisor de Poesía
650 _aSpanish poetry
700 _aMargarit, Joan
700 1 _a Margarit, Joan
856 _uhttps://public.digitaliapublishing.com/a/41085
942 _cCF
999 _c68305
_d68305